000 00614nam a2200193 4500
001 131127
003 ES-MaACL
005 20250731061530.0
007 t|
008 070214s1971 sp r ||||1| spa d
100 1 _aRoddam, John.
_998103
245 1 3 _aLa mente cambiante /
_cJohn Roddam ; prólogo de Julián Huxley ; traducción de Jesús Pardo.
260 _aBarcelona :
_bPlaza & Janés,
_c1971.
300 _a186 p. :
_bil. ;
_c18 cm.
700 1 _aHuxley, Julian.
_964859
700 1 _aPardo, Jesús,
_d1927-2020
_9138804
852 _aES-MaACL
_jC-45945
_bR.79226
999 _c131127
_d131127